• 首页
  • 本馆介绍
  • 公告通知
  • 最新文献
  • 馆藏检索
  • 电子资源
  • 读者导购
  • 参考咨询
  • 我的图书馆
  • 登录
  • 详细信息显示
  • 放入我的书架
  • 预约/预借图书
  • 作者相关作品
  • 分类相关作品
  • 丛书相关作品
  • 出版社相关作品

书目信息

  • 表格格式
  • 工作单格式
  • 卡片格式
题名:
金融
    
 
作者: 李玉梅 编著
分册:  
出版信息: 汕头   汕头大学出版社  2015
页数: 106页
开本: 23cm
丛书名: 中国文化百科
单 册:
中图分类: F832.9 , F832
科图分类:
主题词: 金融--jin rong--经济史--中国
电子资源:
ISBN: 978-7-5658-1581-2
000 00859nam 2200265 450
001 2348189376
005 20231109133654.95
010    @a978-7-5658-1581-2@dCNY29.80
100    @a20201120d2015 demy0chiy50 ea
101 0  @achi
102    @aCN@b440000
105    @aa z 000yy
200 1  @a金融@Ajin rong@e丰富金融形态@f李玉梅编著
210    @a汕头@c汕头大学出版社@d2015
215    @a106页@c彩图@d23cm
225 2  @a中国文化百科@Azhong guo wen hua bai ke@i经济百业
330    @a本书包括山西票号产生的背景、钱庄的产生与消亡、当铺的特色经营、账局业务的兴衰等内容。
410  0 @12001 @a中国文化百科@i经济百业
517 1  @a丰富金融形态@Afeng fu jin rong xing tai
606 0  @a金融@Ajin rong@x经济史@y中国
690    @aF832.9@v5
690    @aF832@v4
701  0 @a李玉梅@Ali yu mei@4编著
801  0 @aCN@b山东中教@c20230926
905    @aBZT@dF832@e24
    
    金融:丰富金融形态/李玉梅编著.-汕头:汕头大学出版社,2015
    106页:彩图;23cm.-(中国文化百科.经济百业)
    
    
    ISBN 978-7-5658-1581-2:CNY29.80
    本书包括山西票号产生的背景、钱庄的产生与消亡、当铺的特色经营、账局业务的兴衰等内容。
●
相关链接 在五车中查询图书 在当当中查询图书 在豆瓣中查询图书


正题名:金融     索取号:F832/24         预约/预借

序号 登录号 条形码 馆藏地/架位号 状态 备注
1 2000954993   2000954993   第四书库/四007架A面1层1列/ [索取号:F832/24] 在馆    
2 2000954994   2000954994   第四书库/四007架A面1层1列/ [索取号:F832/24] 在馆    
3 2000954995   2000954995   第四书库/四007架A面1层1列/ [索取号:F832/24] 在馆    
4 2000954996   2000954996   第四书库/四007架A面1层1列/ [索取号:F832/24] 在馆    
5 2000954997   2000954997   第四书库/四007架A面1层1列/ [索取号:F832/24] 在馆    
6 2000954998   2000954998   第四书库/四007架A面1层1列/ [索取号:F832/24] 在馆    
山东省滨州职业学院图书馆 欢迎您!
大连网信软件有限公司© 版权所有